000 00262nam a22001217a 4500
008 170130b xxu||||| |||| 00| 0 eng d
041 _aeng
080 _23RD
_a61
100 _a3
101 _aSHMI
245 _aTEXTBOOK OF LIMNOLOGY
_cCOLE, G.A
942 _2udc
_cBK
999 _c4006
_d4006